000 00496cam a22001812 4500
001 0000000480
005 20151217155802.0
008 070205s xx 000 0 eng d
040 _aKABU
_cKABU
050 0 _aDT406
_b.J37
100 1 _aJardine, Douglas.
_@0000148687
245 1 4 _aThe Mad Mullah of Somaliland /
_cDouglas Jardine.
260 _aLondon :
_bH. Jenkins,
_c1923.
300 _a336 p.
908 _a070205
950 _@1
999 _c12345
_d12345